00773nam a2200217Ia 4500003000900000008004100009020002200050040001600072080001500088100003100103245008700134260002500221300001400246490002600260650003700286650003700323650004000360942000700400999001700407952013100424IN-BaIIA211028s9999 xx 000 0 eng d a978-3-319-10737-0 cIIA Library a524.8bSEA aSeargent, David A J936297 0aWeird universebexploring the most bizarre ideas in cosmologycDavid A. JSeargent  aChambSpringerc2015 axv, 272p. aAstronomers' universe aAstronomy - popular works930532 aCosmology - popular works924886 aPopular science in astronomy935908 cBK c19013d19013 00104070aBANbBANcGENd2015-04-07eANJ g2705.00l0o524.8/ SEAp19935r2021-11-05v2705.00w2015-04-07yBKGRs. 2705.00